Kríza sa končí, blýska sa na lepšie časy
Slovenské automobilky zaznamenali v roku 2009 nárast a v blízkej budúcnosti počítajú s rozšírením produkcie. Veľká trojka roku 2009 - VW Slovakia, PSA a KIA Motors Slovakia. Otázka ekológie a manažment environmentu. Význam kvality i zamestnancov.
Salvato in:
| Autore principale: | |
|---|---|
| Natura: | Capitolo di libro |
| Lingua: | slovacco |
| Soggetti: | |
| Tags: |
Nessun Tag, puoi essere il primo ad aggiungerne!!
|
MARC
| LEADER | 00000naa$a2200000$$$4500 | ||
|---|---|---|---|
| 001 | 0116105 | ||
| 005 | 20231011121843.1 | ||
| 041 | 0 | |a slo | |
| 044 | |a SK | ||
| 245 | 1 | 0 | |a Kríza sa končí, blýska sa na lepšie časy |c Marián Hudec |
| 520 | |a Slovenské automobilky zaznamenali v roku 2009 nárast a v blízkej budúcnosti počítajú s rozšírením produkcie. Veľká trojka roku 2009 - VW Slovakia, PSA a KIA Motors Slovakia. Otázka ekológie a manažment environmentu. Význam kvality i zamestnancov. | ||
| 610 | 2 | 0 | |a priemysel automobilový |
| 610 | 2 | 0 | |a kvalita |
| 610 | 2 | 0 | |a kvalita výrobkov |
| 610 | 2 | 0 | |a zamestnanci |
| 610 | 2 | 0 | |a Slovensko |
| 100 | 1 | |a Hudec, Marián | |